000 00637nam a2200205Ia 4500
005 20250508160831.0
008 008 250505s9999 xx 000 0 eng d
037 _aTextual
040 _aFEDL
_beng
_cFEDL
041 _aeng
_2eng
084 _a370.7, BEN
_qFEDL
100 _aBennett William S.
_9769492
245 0 _aNew careers and urban schools : A sociological study of teacher and teacher Aide Roles
260 _aNew York, USA
_bHolt, Rinehart and Winston
_c1970
300 _axi,220p.
650 _aEducation
700 _a Falk R. Frank
_9769493
942 _cTEXL
_h370.7, BEN
999 _c1366881
_d1366881